[Event "MP Reykjavik Open 2011"]
[Site "Reykjavik ISL"]
[Date "2011.03.15"]
[Round "8.3"]
[White "Sokolov, Ivan"]
[Black "Fier, Alexandr"]
[Result "1-0"]
[WhiteElo "2643"]
[BlackElo "2586"]
[PlyCount "73"]
[EventDate "2011.03.09"]
[EventType "swiss"]
[EventRounds "9"]
[EventCountry "ISL"]
[Source "lmi"]
[SourceDate "2011.03.09"]

1. d4 Nf6 2. c4 e6 3. Nc3 Bb4 4. e3 c5 5. Nge2 cxd4 6. exd4 O-O 7. a3 Be7 8.
Nf4 d6 9. Be2 e5 10. Nfd5 Nc6 11. Nxe7+ Qxe7 12. Be3 exd4 13. Bxd4 Nxd4 14.
Qxd4 b6 15. O-O Bb7 16. Rfe1 Rfe8 17. Kf1 Qd7 18. Bd3 Qc6 19. f3 Qc5 20. Qf2
Qh5 21. Kg1 Bc6 22. b4 Re5 23. Be2 Qg6 24. Bf1 Rae8 25. Rxe5 dxe5 26. Re1 Nh5
27. b5 Ba8 28. c5 Nf4 29. Qe3 Rd8 30. c6 h5 31. Kh1 f6 32. g3 Ne6 33. Bc4 Kf7
34. Ne4 Ke7 35. Bxe6 Kxe6 36. Qb3+ Ke7 37. Rd1 1-0

[Event "MP Reykjavik Open 2011"]
[Site "Reykjavik ISL"]
[Date "2011.03.15"]
[Round "8.4"]
[White "Williams, Simon K"]
[Black "Hammer, Jon Ludvig"]
[Result "0-1"]
[WhiteElo "2507"]
[BlackElo "2606"]
[PlyCount "80"]
[EventDate "2011.03.09"]
[EventType "swiss"]
[EventRounds "9"]
[EventCountry "ISL"]
[Source "lmi"]
[SourceDate "2011.03.09"]

1. d4 Nf6 2. c4 e6 3. Nf3 d5 4. Nc3 Bb4 5. cxd5 exd5 6. Bg5 Nbd7 7. e3 c5 8.
dxc5 Qa5 9. Rc1 Bxc3+ 10. bxc3 O-O 11. Be2 Ne4 12. O-O h6 13. Bf4 Ndxc5 14. c4
dxc4 15. Bxc4 Be6 16. Qc2 Bxc4 17. Qxc4 b5 18. Qc2 b4 19. Nd4 Rac8 20. Nf5 Rfe8
21. Qe2 Rc6 22. Qc4 Qa4 23. Rfd1 Nc3 24. Rd6 Rxd6 25. Nxd6 Re6 26. h4 Qa6 27.
Rxc3 bxc3 28. Qxc5 Qd3 29. e4 c2 30. e5 Kh7 31. g3 f6 32. Nf7 Rb6 33. Kh2 Qe4
34. Nd6 Qc6 35. Qe3 fxe5 36. Qd3+ g6 37. Qa3 exf4 38. Qxa7+ Rb7 39. Nxb7 fxg3+
40. fxg3 Qc7 0-1

[Event "MP Reykjavik Open 2011"]
[Site "Reykjavik ISL"]
[Date "2011.03.15"]
[Round "8.5"]
[White "Baklan, Vladimir"]
[Black "Halkias, Stelios"]
[Result "1-0"]
[WhiteElo "2602"]
[BlackElo "2579"]
[PlyCount "91"]
[EventDate "2011.03.09"]
[EventType "swiss"]
[EventRounds "9"]
[EventCountry "ISL"]
[Source "lmi"]
[SourceDate "2011.03.09"]

1. e4 e5 2. Nf3 Nc6 3. Bb5 a6 4. Ba4 Nf6 5. O-O Be7 6. Bxc6 dxc6 7. d3 Nd7 8.
Nbd2 O-O 9. Nc4 f6 10. Nh4 Nc5 11. Nf5 Bxf5 12. exf5 Qd5 13. Qg4 Rfd8 14. Re1
a5 15. Be3 b5 16. Nd2 Qf7 17. Nf3 Nd7 18. h4 c5 19. a4 c6 20. Qe4 Ra6 21. c4
Rb8 22. Reb1 bxc4 23. dxc4 g6 24. h5 gxf5 25. Qxf5 Nf8 26. Ra3 Qe6 27. Nh4 Ra7
28. Qe4 Rb4 29. Rc3 Rab7 30. Nf5 Kf7 31. b3 Rd7 32. Qg4 Rbb7 33. Re1 Rd4 34.
Bxd4 cxd4 35. Rg3 Qd7 36. Qe4 Ke8 37. Rg7 Qe6 38. Rxh7 Kd8 39. Nxd4 exd4 40.
Qxe6 Nxe6 41. Rxe6 Rd7 42. Rexe7 Rxe7 43. Rxe7 Kxe7 44. c5 f5 45. Kf1 Kf6 46.
Ke2 1-0

[Event "MP Reykjavik Open 2011"]
[Site "Reykjavik ISL"]
[Date "2011.03.15"]
[Round "8.6"]
[White "Miroshnichenko, Evgenij"]
[Black "Nyzhnyk, Illya"]
[Result "0-1"]
[WhiteElo "2670"]
[BlackElo "2563"]
[PlyCount "69"]
[EventDate "2011.03.09"]
[EventType "swiss"]
[EventRounds "9"]
[EventCountry "ISL"]
[Source "lmi"]
[SourceDate "2011.03.09"]

1. e4 c5 2. Nf3 d6 3. d4 cxd4 4. Nxd4 Nf6 5. Nc3 a6 6. Bg5 Nbd7 7. Qe2 Qa5 8.
f4 e5 9. Nb3 Qc7 10. g4 b5 11. Bg2 Bb7 12. a4 b4 13. Nd5 Nxd5 14. exd5 h6 15.
Bh4 Be7 16. Bxe7 Kxe7 17. O-O-O Rac8 18. Kb1 Kf8 19. Rhf1 Kg8 20. h4 Re8 21. a5
Nf6 22. f5 e4 23. g5 Nxd5 24. g6 Nf6 25. h5 d5 26. Rd4 Qe7 27. Rfd1 fxg6 28.
fxg6 Qe5 29. Nc5 Bc8 30. Rxd5 Nxd5 31. Qc4 Qxh5 32. Rxd5 Qxg6 33. Bxe4 Rxe4 34.
Nxe4 Be6 35. Nc5 0-1

[Event "MP Reykjavik Open 2011"]
[Site "Reykjavik ISL"]
[Date "2011.03.15"]
[Round "8.7"]
[White "Sigfusson, Sigurdur"]
[Black "Adly, Ahmed"]
[Result "0-1"]
[WhiteElo "2336"]
[BlackElo "2640"]
[PlyCount "134"]
[EventDate "2011.03.09"]
[EventType "swiss"]
[EventRounds "9"]
[EventCountry "ISL"]
[Source "lmi"]
[SourceDate "2011.03.09"]

1. e4 c5 2. Nf3 d6 3. d4 Nf6 4. Nc3 cxd4 5. Nxd4 a6 6. Bc4 e5 7. Nde2 Be6 8.
Bb3 Be7 9. f3 Nc6 10. Nd5 Rc8 11. Be3 Bxd5 12. exd5 Na5 13. O-O O-O 14. Ng3 Nd7
15. Nf5 g6 16. Nxe7+ Qxe7 17. Qd2 Qd8 18. Qb4 Qc7 19. Rf2 f5 20. f4 Rfe8 21.
fxe5 Nxb3 22. exd6 Qb8 23. Qxb3 Qxd6 24. Bf4 Qb6 25. Qxb6 Nxb6 26. Rd1 Re4 27.
g3 Kf7 28. Rd3 Nd7 29. Rb3 b5 30. Ra3 Nc5 31. Kg2 Re1 32. Rc3 b4 33. Re3 Rxe3
34. Bxe3 Ne4 35. Re2 Rd8 36. Bd2 a5 37. a3 bxa3 38. bxa3 Rxd5 39. Be1 h5 40. c4
Rc5 41. Rb2 Nd6 42. Rb6 Nxc4 43. Ra6 Re5 44. Kf2 g5 45. Bc3 Re3 46. Bxa5 Rxa3
47. Ra7+ Ke6 48. Bb6 Rd3 49. Rh7 Rd2+ 50. Kg1 Ke5 51. Re7+ Kd6 52. Bd8 Ne5 53.
Rh7 Nf3+ 54. Kf1 Nxh2+ 55. Ke1 Nf3+ 56. Kf1 Ke6 57. Rh6+ Ke5 58. Bc7+ Ke4 59.
Rxh5 Rd7 60. Bb6 Nd2+ 61. Kg2 Nc4 62. Bf2 Rd2 63. Rxg5 Ne3+ 64. Kg1 Rd1+ 65.
Kh2 Ng4+ 66. Rxg4+ fxg4 67. Bc5 Kf3 0-1

[Event "MP Reykjavik Open 2011"]
[Site "Reykjavik ISL"]
[Date "2011.03.15"]
[Round "8.8"]
[White "Hansen, Sune Berg"]
[Black "Stefansson, Hannes"]
[Result "1/2-1/2"]
[WhiteElo "2603"]
[BlackElo "2557"]
[PlyCount "84"]
[EventDate "2011.03.09"]
[EventType "swiss"]
[EventRounds "9"]
[EventCountry "ISL"]
[Source "lmi"]
[SourceDate "2011.03.09"]

1. Nf3 Nf6 2. c4 c6 3. Nc3 d5 4. e3 e6 5. d4 Nbd7 6. Qc2 Bd6 7. Bd3 O-O 8. O-O
dxc4 9. Bxc4 a6 10. Rd1 b5 11. Bd3 Qc7 12. Bd2 c5 13. Ne4 cxd4 14. Nxd6 Qxd6
15. Nxd4 Bb7 16. Be1 Qe5 17. Be2 Rfc8 18. Qd2 Nb6 19. f3 Nc4 20. Bxc4 Rxc4 21.
Nb3 Qc7 22. Na5 Rc5 23. Rac1 Rxc1 24. Rxc1 Qb6 25. Bf2 b4 26. Nb3 Qb5 27. e4 h6
28. Rc5 Qa4 29. Ra5 Qc6 30. Rc5 Qa4 31. Qc2 a5 32. Rc7 Ba6 33. Qb1 Nd7 34. Bd4
Rc8 35. Rxc8+ Bxc8 36. Qc1 Ba6 37. Qc7 Qxa2 38. Nxa5 Qb1+ 39. Kf2 Qd3 40. Qxd7
Qd2+ 41. Kg3 Qg5+ 42. Kh3 Qh5+ 1/2-1/2

[Event "MP Reykjavik Open 2011"]
[Site "Reykjavik ISL"]
[Date "2011.03.15"]
[Round "8.9"]
[White "Pelletier, Yannick"]
[Black "Kveinys, Aloyzas"]
[Result "1/2-1/2"]
[WhiteElo "2593"]
[BlackElo "2506"]
[PlyCount "39"]
[EventDate "2011.03.09"]
[EventType "swiss"]
[EventRounds "9"]
[EventCountry "ISL"]
[Source "lmi"]
[SourceDate "2011.03.09"]

1. d4 Nf6 2. c4 e6 3. Nf3 d5 4. g3 dxc4 5. Bg2 a6 6. Ne5 c5 7. Be3 Nd5 8. Nc3
Nxe3 9. fxe3 Nd7 10. Nxc4 Be7 11. dxc5 Bxc5 12. Nd6+ Bxd6 13. Qxd6 Qe7 14.
O-O-O Qxd6 15. Rxd6 Ke7 16. Rhd1 Rb8 17. R6d4 Ne5 18. Na4 b6 19. R1d2 Bd7 20.
b3 1/2-1/2

[Event "MP Reykjavik Open 2011"]
[Site "Reykjavik ISL"]
[Date "2011.03.15"]
[Round "8.10"]
[White "Gupta, Abhijeet"]
[Black "Hillarp Persson, Tiger"]
[Result "1-0"]
[WhiteElo "2580"]
[BlackElo "2524"]
[PlyCount "67"]
[EventDate "2011.03.09"]
[EventType "swiss"]
[EventRounds "9"]
[EventCountry "ISL"]
[Source "lmi"]
[SourceDate "2011.03.09"]

1. d4 d6 2. Nf3 g6 3. c4 Bg7 4. Nc3 Nf6 5. e4 O-O 6. Be2 c5 7. O-O cxd4 8. Nxd4
Nc6 9. Nc2 Nd7 10. Bd2 a5 11. Be3 Nc5 12. f3 f5 13. exf5 Bxf5 14. Nd4 a4 15.
Nxf5 gxf5 16. Qd2 Qa5 17. Rac1 a3 18. b3 f4 19. Bf2 Nxb3 20. axb3 a2 21. b4
Qxb4 22. Qd5+ Kh8 23. Bd3 Be5 24. Nxa2 Rxa2 25. Rb1 Qc3 26. Qe4 Rf7 27. Rxb7
Rxf2 28. Kxf2 Bd4+ 29. Ke2 Rg7 30. g4 Rg6 31. Rd1 Rh6 32. Qxf4 Re6+ 33. Kf1 Bg7
34. Qf5 1-0

[Event "MP Reykjavik Open 2011"]
[Site "Reykjavik ISL"]
[Date "2011.03.15"]
[Round "8.11"]
[White "Jones, Gawain C B"]
[Black "Sveshnikov, Vladimir"]
[Result "1-0"]
[WhiteElo "2578"]
[BlackElo "2379"]
[PlyCount "63"]
[EventDate "2011.03.09"]
[EventType "swiss"]
[EventRounds "9"]
[EventCountry "ISL"]
[Source "lmi"]
[SourceDate "2011.03.09"]

1. e4 Nf6 2. e5 Nd5 3. d4 d6 4. c4 Nb6 5. f4 dxe5 6. fxe5 Nc6 7. Be3 Bf5 8. Nc3
e6 9. Nf3 Bg4 10. Be2 Bxf3 11. gxf3 Qh4+ 12. Bf2 Qf4 13. c5 Nd5 14. Nxd5 exd5
15. Qd2 Qf5 16. O-O-O a5 17. Qd3 Qd7 18. a3 a4 19. f4 g6 20. Rhg1 h5 21. Bf1
Bh6 22. Bh3 Bxf4+ 23. Kb1 Qe7 24. e6 O-O-O 25. exf7+ Kb8 26. Rxg6 Bxh2 27. Be6
h4 28. Rh1 Be5 29. Be3 Bf6 30. Rf1 h3 31. Rgxf6 h2 32. Bxd5 1-0

[Event "MP Reykjavik Open 2011"]
[Site "Reykjavik ISL"]
[Date "2011.03.15"]
[Round "8.12"]
[White "Hess, Robert L"]
[Black "Getz, Nicolai"]
[Result "1/2-1/2"]
[WhiteElo "2565"]
[BlackElo "2333"]
[PlyCount "117"]
[EventDate "2011.03.09"]
[EventType "swiss"]
[EventRounds "9"]
[EventCountry "ISL"]
[Source "lmi"]
[SourceDate "2011.03.09"]

1. e4 e5 2. Nf3 Nc6 3. Bb5 a6 4. Bxc6 dxc6 5. O-O Qf6 6. d4 exd4 7. Bg5 Qd6 8.
Nxd4 Bd7 9. Nc3 Be7 10. Be3 O-O-O 11. Qf3 Nh6 12. h3 g5 13. Rad1 Qg6 14. g4 f6
15. Nce2 c5 16. Nb3 Bc6 17. Nc3 b6 18. Qe2 Kb7 19. f3 Nf7 20. Rxd8 Rxd8 21. Rd1
Bd6 22. Nd2 Ne5 23. Nf1 h5 24. Ng3 hxg4 25. hxg4 Rh8 26. Kg2 Qg8 27. Nd5 Bxd5
28. Rxd5 Ng6 29. Nh5 Ne7 30. Rd3 Qxa2 31. Ra3 Qxb2 32. Qxa6+ Kc6 33. Ra2 Qb4
34. c4 Be5 35. Bd2 Qb1 36. Qa4+ Kd6 37. Be3 Nc6 38. Rd2+ Nd4 39. Bf2 Qc1 40.
Rd3 Qb1 41. Rd2 Ke7 42. Qa3 Qb3 43. Qxb3 Nxb3 44. Ra2 Rd8 45. Ra3 Nd2 46. Bg3
Nxc4 47. Ra7 Rd2+ 48. Kh3 Rd7 49. f4 gxf4 50. Bxf4 Nd6 51. Bxe5 fxe5 52. g5 Kf7
53. Nf6 Re7 54. Nd5 Nb5 55. Rb7 Re6 56. Nxc7 Nxc7 57. Rxc7+ Kg6 58. Kg4 Rd6 59.
Rc8 1/2-1/2

[Event "MP Reykjavik Open 2011"]
[Site "Reykjavik ISL"]
[Date "2011.03.15"]
[Round "8.13"]
[White "Gretarsson, Hjorvar Steinn"]
[Black "Gustafsson, Jan"]
[Result "0-1"]
[WhiteElo "2444"]
[BlackElo "2647"]
[PlyCount "78"]
[EventDate "2011.03.09"]
[EventType "swiss"]
[EventRounds "9"]
[EventCountry "ISL"]
[Source "lmi"]
[SourceDate "2011.03.09"]

1. c4 g6 2. g3 Bg7 3. Bg2 c5 4. Nc3 Nc6 5. Nf3 d6 6. O-O Nf6 7. d4 cxd4 8. Nxd4
Bd7 9. Nc2 h5 10. h4 Rc8 11. Bf4 Ng4 12. Qd2 Qa5 13. Ne4 Qxd2 14. Bxd2 Nd8 15.
Bc3 Bxc3 16. Nxc3 Rxc4 17. Rad1 Bc6 18. e4 Ne6 19. Rd2 O-O 20. Re1 Rc8 21. f3
Ne5 22. f4 Ng4 23. Bf3 Nf6 24. Kg2 Kf8 25. Re3 Ng4 26. Ree2 Nc5 27. Nd4 Bd7 28.
e5 dxe5 29. fxe5 e6 30. Ndb5 Bxb5 31. Nxb5 Rb4 32. Nd6 Rd8 33. a3 Rb3 34. Bxg4
hxg4 35. Rd4 Nd3 36. Rxg4 Nxe5 37. Rd4 Nd3 38. Re3 Nf4+ 39. Rxf4 Rxb2+ 0-1

[Event "MP Reykjavik Open 2011"]
[Site "Reykjavik ISL"]
[Date "2011.03.15"]
[Round "8.15"]
[White "Thorfinnsson, Bragi"]
[Black "Friedel, Joshua E"]
[Result "1/2-1/2"]
[WhiteElo "2417"]
[BlackElo "2529"]
[PlyCount "141"]
[EventDate "2011.03.09"]
[EventType "swiss"]
[EventRounds "9"]
[EventCountry "ISL"]
[Source "lmi"]
[SourceDate "2011.03.09"]

1. d4 Nf6 2. c4 e6 3. Nc3 Bb4 4. f3 d5 5. a3 Bxc3+ 6. bxc3 c5 7. cxd5 Nxd5 8.
dxc5 Qa5 9. e4 Nf6 10. Be3 O-O 11. Qb3 Nfd7 12. a4 Qc7 13. Qa3 b6 14. a5 bxc5
15. Nh3 c4 16. Be2 Ba6 17. O-O Nc6 18. Rfd1 Rfd8 19. Bf4 e5 20. Bg5 f6 21. Be3
Rab8 22. Qd6 Qxd6 23. Rxd6 Rbc8 24. Ra4 Ndb8 25. Rxd8+ Rxd8 26. Bxc4+ Bxc4 27.
Rxc4 Nxa5 28. Ra4 Rd1+ 29. Kf2 Nbc6 30. Bxa7 Rb1 31. Ng1 Nb3 32. Be3 Rb2+ 33.
Ne2 h5 34. h4 Kh7 35. Ra8 Nbd4 36. cxd4 exd4 37. Bc1 Rc2 38. Ra3 Nb4 39. Rb3 d3
40. Rxb4 Rxe2+ 41. Kg3 d2 42. Bxd2 Rxd2 43. Rb3 Re2 44. Rb1 Kg6 45. Rb5 Ra2 46.
Kh2 Rc2 47. Rb3 Kf7 48. Re3 Rc1 49. Re2 g6 50. Kg3 Rh1 51. Rb2 Kg7 52. Rb7+ Kf8
53. Rb6 Kg7 54. Rb7+ Kf8 55. Ra7 Kg8 56. f4 Rf1 57. Ra5 Kg7 58. f5 gxf5 59.
Rxf5 Re1 60. Rxh5 Rxe4 61. Ra5 Kg6 62. h5+ Kh6 63. Kf3 Rb4 64. g4 Rc4 65. Ra7
Rc1 66. Rf7 Rf1+ 67. Kg3 Kg5 68. Rg7+ Kh6 69. Rg6+ Kh7 70. Kg2 Rf4 71. Kg3
1/2-1/2

[Event "MP Reykjavik Open 2011"]
[Site "Reykjavik ISL"]
[Date "2011.03.15"]
[Round "8.16"]
[White "Mekhitarian, Krikor Sevag"]
[Black "Sipila, Vilka"]
[Result "1-0"]
[WhiteElo "2529"]
[BlackElo "2347"]
[PlyCount "155"]
[EventDate "2011.03.09"]
[EventType "swiss"]
[EventRounds "9"]
[EventCountry "ISL"]
[Source "lmi"]
[SourceDate "2011.03.09"]

1. d4 Nf6 2. c4 c5 3. d5 b5 4. Qc2 bxc4 5. e4 d6 6. Bxc4 g6 7. h3 Bg7 8. Nf3
O-O 9. O-O Nbd7 10. Re1 Rb8 11. Nc3 Nh5 12. b3 Ne5 13. Nxe5 Bxe5 14. Bb2 Qe8
15. Nd1 f6 16. Ne3 Nf4 17. Bf1 Kh8 18. Bxe5 fxe5 19. Kh2 g5 20. f3 Qh5 21. Kg1
Ng6 22. Ng4 Nh4 23. Qc3 Qf7 24. Qe3 Qg7 25. Nh2 h6 26. g3 Ng6 27. Bg2 Bd7 28.
Rab1 Rb6 29. Qd2 Rfb8 30. Nf1 Qf6 31. Ne3 h5 32. Nc4 R6b7 33. Qc3 Qg7 34. Qd2
g4 35. fxg4 hxg4 36. h4 Qh7 37. Rf1 Rg8 38. Ne3 Qh6 39. Rbd1 a5 40. Nf5 Qxd2
41. Rxd2 Bxf5 42. exf5 Nf8 43. f6 Nh7 44. fxe7 Kg7 45. Rdf2 Rxe7 46. Be4 a4 47.
bxa4 Ra8 48. Bc2 Ra5 49. Rf5 c4 50. Rh5 Kg8 51. Rb1 Nf6 52. Rg5+ Kf8 53. Rf1
Rf7 54. Bg6 Raa7 55. Bxf7 Rxf7 56. Rgf5 Ke7 57. Rxf6 Rxf6 58. Rxf6 Kxf6 59. Kf2
e4 60. Ke3 c3 61. a5 Ke5 62. a6 c2 63. Kd2 e3+ 64. Kxc2 Ke4 65. Kd1 Kf3 66. Ke1
Ke4 67. a7 Kf3 68. a8=Q Ke4 69. Ke2 Kd4 70. Qa4+ Ke5 71. Kxe3 Kf5 72. Qe4+ Kf6
73. Qe6+ Kg7 74. Kf4 Kf8 75. Kg5 Kg7 76. Qe7+ Kg8 77. Kg6 Kh8 78. Qe8# 1-0

[Event "MP Reykjavik Open 2011"]
[Site "Reykjavik ISL"]
[Date "2011.03.15"]
[Round "8.17"]
[White "Dearing, Eddie"]
[Black "Sveshnikov, Evgeny"]
[Result "1/2-1/2"]
[WhiteElo "2412"]
[BlackElo "2527"]
[PlyCount "82"]
[EventDate "2011.03.09"]
[EventType "swiss"]
[EventRounds "9"]
[EventCountry "ISL"]
[Source "lmi"]
[SourceDate "2011.03.09"]

1. d4 d5 2. c4 e6 3. Nf3 Nf6 4. Nc3 c6 5. Bg5 h6 6. Bh4 Be7 7. e3 O-O 8. Qc2
Nbd7 9. Rd1 b6 10. Be2 Bb7 11. O-O Rc8 12. Ne5 Nxe5 13. dxe5 Nd7 14. Bg3 Bb4
15. a3 Bxc3 16. Qxc3 a5 17. Rd4 Nc5 18. Rfd1 Qc7 19. Bf3 b5 20. Rg4 bxc4 21. e4
Nd3 22. b3 Ba6 23. exd5 cxd5 24. bxc4 dxc4 25. Bh4 Nxe5 26. Rg3 f6 27. Qe3 c3
28. Be4 f5 29. Qxh6 c2 30. Bxc2 Nf3+ 31. Kh1 Nxh4 32. Bb3 Rf7 33. Bxe6 Qxg3 34.
Bxf7+ Kf8 35. hxg3 gxh6 36. Bh5 Nxg2 37. Kxg2 Bb7+ 38. Kf1 Ke7 39. Rb1 Be4 40.
Rb6 Rc6 41. Rxc6 Bxc6 1/2-1/2

[Event "MP Reykjavik Open 2011"]
[Site "Reykjavik ISL"]
[Date "2011.03.15"]
[Round "8.18"]
[White "Milliet, Sophie"]
[Black "Dronavalli, Harika"]
[Result "1/2-1/2"]
[WhiteElo "2369"]
[BlackElo "2524"]
[PlyCount "32"]
[EventDate "2011.03.09"]
[EventType "swiss"]
[EventRounds "9"]
[EventCountry "ISL"]
[Source "lmi"]
[SourceDate "2011.03.09"]

1. e4 c5 2. c3 d5 3. exd5 Qxd5 4. d4 g6 5. Na3 Bg7 6. Nf3 cxd4 7. Nb5 Na6 8.
Nbxd4 Nf6 9. Be2 O-O 10. O-O Nc7 11. Qb3 Qxb3 12. axb3 Nfd5 13. b4 e5 14. Nb5
Nxb5 15. Bxb5 Bg4 16. Ng5 Nc7 1/2-1/2

[Event "MP Reykjavik Open 2011"]
[Site "Reykjavik ISL"]
[Date "2011.03.15"]
[Round "8.19"]
[White "D'amore, Carlo"]
[Black "Johannesson, Ingvar Thor"]
[Result "1-0"]
[WhiteElo "2505"]
[BlackElo "2338"]
[PlyCount "81"]
[EventDate "2011.03.09"]
[EventType "swiss"]
[EventRounds "9"]
[EventCountry "ISL"]
[Source "lmi"]
[SourceDate "2011.03.09"]

1. e4 e6 2. d3 d5 3. Nd2 c5 4. Ngf3 Nc6 5. g3 Nge7 6. Bg2 g6 7. h4 h6 8. O-O
Bg7 9. Re1 b6 10. exd5 exd5 11. d4 cxd4 12. Nb3 Bg4 13. Bf4 O-O 14. Qd2 Bxf3
15. Bxf3 Kh7 16. Nc1 Rc8 17. Nd3 Na5 18. Re2 Nec6 19. Rae1 Nc4 20. Qc1 Qd7 21.
b3 N4a5 22. Qd1 Qf5 23. Kg2 Rfd8 24. g4 Qd7 25. Bg3 Nb7 26. Nf4 d3 27. Qxd3 Nc5
28. Qd1 Ne4 29. Bxe4 dxe4 30. Qxd7 Rxd7 31. Rxe4 Bc3 32. R1e3 Nd4 33. Re7 Rxe7
34. Rxe7 Kg8 35. Rxa7 Nxc2 36. Nd5 Bb4 37. Nxb6 Ne1+ 38. Kf1 Rc1 39. Nd5 Bf8
40. Ra8 Rb1 41. Bd6 1-0

[Event "MP Reykjavik Open 2011"]
[Site "Reykjavik ISL"]
[Date "2011.03.15"]
[Round "8.20"]
[White "Forsaa, Espen"]
[Black "Grover, Sahaj"]
[Result "0-1"]
[WhiteElo "2340"]
[BlackElo "2495"]
[PlyCount "60"]
[EventDate "2011.03.09"]
[EventType "swiss"]
[EventRounds "9"]
[EventCountry "ISL"]
[Source "lmi"]
[SourceDate "2011.03.09"]

1. e4 e6 2. d4 d5 3. Nc3 Bb4 4. e5 c5 5. Qg4 Ne7 6. dxc5 Nbc6 7. Bd2 O-O 8.
O-O-O f6 9. exf6 Rxf6 10. Bd3 h6 11. Nf3 e5 12. Qg3 Bxc5 13. Be3 Bd6 14. Nxd5
Nxd5 15. Bc4 Be6 16. Rxd5 Ne7 17. Rxd6 Qxd6 18. Qg4 Nd5 19. Qe4 Nxe3 20. fxe3
Bxc4 21. Qxc4+ Qe6 22. Qxe6+ Rxe6 23. Rd1 e4 24. Nd4 Rf6 25. c4 Rf2 26. Rd2
Raf8 27. Nb5 Rxd2 28. Kxd2 Rf2+ 29. Kc3 Rxg2 30. c5 Kf7 0-1

[Event "MP Reykjavik Open 2011"]
[Site "Reykjavik ISL"]
[Date "2011.03.15"]
[Round "8.21"]
[White "Carstensen, Jacob"]
[Black "Henrichs, Thomas"]
[Result "1-0"]
[WhiteElo "2332"]
[BlackElo "2480"]
[PlyCount "83"]
[EventDate "2011.03.09"]
[EventType "swiss"]
[EventRounds "9"]
[EventCountry "ISL"]
[Source "lmi"]
[SourceDate "2011.03.09"]

1. e4 c6 2. d4 d5 3. Nd2 dxe4 4. Nxe4 Bf5 5. Ng3 Bg6 6. Nf3 Nd7 7. h4 h6 8. h5
Bh7 9. Bd3 Bxd3 10. Qxd3 e6 11. Bd2 Ngf6 12. O-O-O Be7 13. Kb1 Qb6 14. Be3 Rd8
15. c4 Qc7 16. Qc2 O-O 17. Ne2 Ng4 18. Nc3 Ndf6 19. Bc1 Bb4 20. Rd3 b5 21. Nd1
bxc4 22. Qxc4 Rb8 23. Nd2 Bxd2 24. Rxd2 Nd5 25. Rc2 Nb4 26. Rc3 Rfd8 27. Rh4
Qa5 28. a3 Qf5+ 29. Ka1 Nd5 30. Rg3 Ngf6 31. Bxh6 Kh7 32. Rf3 Qxf3 33. gxf3
gxh6 34. Ne3 Rb5 35. Rh1 Rdb8 36. Qc2+ Kg7 37. Nc4 c5 38. Rg1+ Kf8 39. Qd2 Ke7
40. dxc5 Rxc5 41. Ne5 Rbc8 42. Qxh6 1-0

[Event "MP Reykjavik Open 2011"]
[Site "Reykjavik ISL"]
[Date "2011.03.15"]
[Round "8.22"]
[White "Berbatov, Kiprian"]
[Black "Lagerman, Robert"]
[Result "1/2-1/2"]
[WhiteElo "2454"]
[BlackElo "2320"]
[PlyCount "80"]
[EventDate "2011.03.09"]
[EventType "swiss"]
[EventRounds "9"]
[EventCountry "ISL"]
[Source "lmi"]
[SourceDate "2011.03.09"]

1. e4 e5 2. Nf3 Nc6 3. Nc3 Nf6 4. Bb5 Nd4 5. Ba4 c6 6. Nxe5 Qe7 7. Nf3 Nxe4 8.
O-O Nxc3 9. dxc3 Ne6 10. Re1 Qf6 11. Ng5 Be7 12. Ne4 Qe5 13. Bg5 Qc7 14. Bxe7
Kxe7 15. Qh5 d5 16. Ng5 Kf8 17. c4 dxc4 18. Rad1 Nxg5 19. Qxg5 Be6 20. c3 h6
21. Qc5+ Kg8 22. Bc2 b6 23. Qh5 Qf4 24. Re4 Qf6 25. Rd6 g6 26. Qe2 Re8 27. Rxc6
Kg7 28. Rc7 Qd8 29. Rxa7 Qb8 30. Ra4 Bf5 31. Re3 Rxe3 32. fxe3 Bxc2 33. Qxc2
Qe8 34. Rxc4 Qxe3+ 35. Kf1 Re8 36. Qd1 Re5 37. g3 Rf5+ 38. Rf4 Rxf4+ 39. gxf4
Qxf4+ 40. Kg2 Qe4+ 1/2-1/2

[Event "MP Reykjavik Open 2011"]
[Site "Reykjavik ISL"]
[Date "2011.03.15"]
[Round "8.23"]
[White "Thorfinnsson, Bjorn"]
[Black "Mack, Wolfgang"]
[Result "1-0"]
[WhiteElo "2419"]
[BlackElo "2282"]
[PlyCount "143"]
[EventDate "2011.03.09"]
[EventType "swiss"]
[EventRounds "9"]
[EventCountry "ISL"]
[Source "lmi"]
[SourceDate "2011.03.09"]

1. d4 d6 2. e4 g6 3. c4 Bg7 4. Nc3 Nc6 5. Nge2 e5 6. d5 Nb8 7. h4 h5 8. Ng1 c5
9. Nf3 Nf6 10. Ng5 a6 11. Be2 Nbd7 12. a3 Nf8 13. b4 b6 14. Rb1 N6h7 15. bxc5
bxc5 16. Nf3 f5 17. Bd3 Nf6 18. Qc2 f4 19. Ng5 N6h7 20. Nf3 g5 21. hxg5 Nxg5
22. Be2 Nxf3+ 23. Bxf3 h4 24. Qe2 Nh7 25. Bh5+ Kf8 26. Bg4 Nf6 27. Bh3 Bxh3 28.
Rxh3 Rb8 29. Qc2 Ne8 30. Rxb8 Qxb8 31. Qa4 Qc8 32. Qc6 Qg4 33. Kf1 Bf6 34. f3
Qg7 35. Ne2 Rg8 36. Rh2 Qa7 37. Bd2 Rg7 38. Be1 Qb7 39. Bxh4 Qxc6 40. dxc6 Rc7
41. Bxf6 Nxf6 42. Rh8+ Ke7 43. Nc3 Rxc6 44. Rb8 Kd7 45. a4 Rc8 46. Rb6 Ra8 47.
a5 Ra7 48. Rb8 Kc6 49. Nd5 Nxd5 50. exd5+ Kc7 51. Rh8 Rb7 52. Rh7+ Kc8 53. Rxb7
Kxb7 54. g3 fxg3 55. Kg2 Kc7 56. Kxg3 Kd7 57. f4 Ke7 58. fxe5 dxe5 59. Kf3 Kf7
60. Ke4 Kf6 61. d6 Ke6 62. d7 Kxd7 63. Kxe5 Kc6 64. Ke6 Kc7 65. Kd5 Kd7 66.
Kxc5 Kc7 67. Kd5 Kd7 68. c5 Kc7 69. c6 Kc8 70. Kd4 Kd8 71. Kc4 Kc8 72. Kd5 1-0

[Event "MP Reykjavik Open 2011"]
[Site "Reykjavik ISL"]
[Date "2011.03.15"]
[Round "8.24"]
[White "Karason, Askell O"]
[Black "Sammalvuo, Tapani"]
[Result "0-1"]
[WhiteElo "2258"]
[BlackElo "2471"]
[PlyCount "108"]
[EventDate "2011.03.09"]
[EventType "swiss"]
[EventRounds "9"]
[EventCountry "ISL"]
[Source "lmi"]
[SourceDate "2011.03.09"]

1. d4 Nf6 2. c4 e6 3. Nf3 b6 4. a3 Ba6 5. Qc2 Bb7 6. Nc3 c5 7. dxc5 bxc5 8. Bf4
d6 9. Rd1 Qb6 10. e3 Nbd7 11. h3 Be7 12. Be2 O-O 13. O-O Rfd8 14. Rd2 Nf8 15.
Bh2 Ng6 16. Rfd1 Rd7 17. e4 Rad8 18. Qb1 Qb3 19. Re1 Bc6 20. Bd3 Nh5 21. Re3
Qb6 22. e5 Bxf3 23. Bxg6 hxg6 24. Rxf3 dxe5 25. Rxd7 Rxd7 26. Bxe5 Qb3 27. Qe4
Qb7 28. Qxb7 Rxb7 29. Na4 Nf6 30. Rd3 Ne8 31. Kf1 g5 32. Ke2 f6 33. Bc3 Kf7 34.
Kd1 Nd6 35. Nxc5 Rc7 36. Na6 Rc6 37. c5 Ne4 38. Nb8 Rc8 39. Bd4 Rxb8 40. b4 a5
41. f3 e5 42. Bg1 Ng3 43. Rb3 Nf5 44. b5 Nd4 45. Bxd4 exd4 46. c6 Bd8 47. Ke2
Ke6 48. Kd3 Kd5 49. Rb1 Bb6 50. Re1 a4 51. Re7 Rf8 52. Rd7+ Kc5 53. Rxd4 Rd8
54. Rd7 Kxb5 0-1

[Event "MP Reykjavik Open 2011"]
[Site "Reykjavik ISL"]
[Date "2011.03.15"]
[Round "8.25"]
[White "Gislason, Gudmundur"]
[Black "Zelbel, Patrick"]
[Result "1-0"]
[WhiteElo "2291"]
[BlackElo "2410"]
[PlyCount "81"]
[EventDate "2011.03.09"]
[EventType "swiss"]
[EventRounds "9"]
[EventCountry "ISL"]
[Source "lmi"]
[SourceDate "2011.03.09"]

1. d4 g6 2. g3 Bg7 3. Bg2 d6 4. c4 Nf6 5. Nc3 O-O 6. e3 c5 7. Nge2 Nc6 8. O-O
Bd7 9. h3 Qc8 10. Kh2 Rb8 11. b3 Rd8 12. Bb2 Na5 13. Qd2 b6 14. Rfd1 Bc6 15.
Nd5 Kf8 16. e4 cxd4 17. Nxd4 e5 18. Nb5 Bxd5 19. exd5 a6 20. Na7 Qc7 21. Nc6
Nxc6 22. dxc6 Kg8 23. Bc3 Qe7 24. a4 Ne8 25. a5 b5 26. Qe2 Nc7 27. Rab1 f5 28.
Bd2 Kh8 29. Be3 e4 30. Bb6 Rdc8 31. f3 Be5 32. f4 Bg7 33. Qd2 Na8 34. c5 Rxc6
35. cxd6 Qd7 36. Bd4 Bxd4 37. Qxd4+ Kg8 38. Qd5+ Kg7 39. Rbc1 Rbc8 40. Rxc6
Rxc6 41. Qxc6 1-0